000 00657cam a22002173a 4500
001 43763
003 PGUSA
005 20140828084008.0
008 130918s2013||||xxu|||||s|||||000 | eng d
040 _aPGUSA
_beng
042 _adc
100 1 _aEwing, Juliana Horatia Gatty,
_d1841-1885
245 1 0 _aSnap-Dragons :
_bOld Father Christmas
_h[electronic resource] /
_cJuliana Horatia Gatty Ewing
260 _bProject Gutenberg,
_c2013
506 _aPublic domain in the USA.
516 _aElectronic text
700 1 _aBrowne, Gordon,
_d1858-1932
830 0 _aProject Gutenberg
_v43763
856 4 0 _uhttp://www.gutenberg.org/ebooks/43763
942 _cEB
999 _c273014
_d273014